R (on the application of Doy) and Commissioner for Local Adminsitration) (Record no. 70380)
[ view plain ]
| 000 -LEADER | |
|---|---|
| fixed length control field | 00635cam a2200157 4500 |
| 001 - CONTROL NUMBER | |
| control field | X118189 |
| 008 - FIXED-LENGTH DATA ELEMENTS--GENERAL INFORMATION | |
| fixed length control field | 020528n2002 000 0 eng u |
| 035 ## - SYSTEM CONTROL NUMBER | |
| System control number | (Sirsi) u118189 |
| 245 ## - TITLE STATEMENT | |
| Title | R (on the application of Doy) and Commissioner for Local Adminsitration) |
| 260 ## - PUBLICATION, DISTRIBUTION, ETC. | |
| Date of publication, distribution, etc. | 2002 |
| 490 ## - SERIES STATEMENT | |
| Series statement | Journal of Planning and Environment Law |
| Volume/sequential designation | [2002] JPL 342-352(11) |
| 520 ## - SUMMARY, ETC. | |
| Summary, etc. | QBD 27 April 2001. Judicial review of decision of Local Ombudsman. Definition of maladministration. Whether decision was perverse (Taken from headnote) |
| 650 ## - SUBJECT ADDED ENTRY--TOPICAL TERM | |
| Topical term or geographic name entry element | R V LOCAL ADMINISTRATION COMMISSIONER EX P DOY |
| 650 ## - SUBJECT ADDED ENTRY--TOPICAL TERM | |
| Topical term or geographic name entry element | JUDICIAL REVIEW |
| 942 ## - ADDED ENTRY ELEMENTS (KOHA) | |
| Suppress in OPAC | 0 |
| Withdrawn status | Lost status | Source of classification or shelving scheme | Damaged status | Not for loan | Home library | Current library | Shelving location | Date acquired | Total Checkouts | Full call number | Barcode | Date last seen | Copy number | Price effective from | Koha item type |
|---|---|---|---|---|---|---|---|---|---|---|---|---|---|---|---|
| Dewey Decimal Classification | London | London | Journals | 28/05/2002 | X118189 | 118189-1001 | 06/08/2019 | 1 | 06/08/2019 | Law report | |||||
| Dewey Decimal Classification | London | London | Journals | 28/05/2002 | X118189 | 118189-1002 | 06/08/2019 | 2 | 06/08/2019 | Law report |